000 01530cam a22003497a 4500
003 CHAP
005 20220329142432.0
008 001031d2000 mx rs o00110 spa d
010 _a83421
011 _a84393
020 _a9701330862
035 _a94913
040 _cCHAP
082 0 4 _a333.0972
_bI55 Ags. 1992-99
110 2 _aInstituto Nacional de Estadística, Geografía e Informática. México
_959304
245 1 0 _aNúcleos agrarios : tabulados básicos por municipio : Aguascalientes
_bprograma de certificación de derechos ejidales y titulación de solares, PROCEDE, 1992-1999
_c/por Instituto Nacional de Estadística, Geografía e Informática
260 _aAguascalientes, Ags. :
_bInstituto Nacional de Estadística, Geografía e Informática,
_c2000.
300 _a38 p. :
_banexo
500 _acontinua de : Tabulados básicos ejidales por municipio....
590 _aBATCH-UPD
_b10
_c20130110
_lUCH01
_h0647
590 _aBATCH-UPD
_b10
_c20130410
_lUCH01
_h0332
590 _aBATCH-UPD
_b10
_c20130914
_lUCH01
_h1332
590 _aCONVERSION
_b10
_c20130109
_lUCH01
_h1346
650 1 4 _aEjidos
_xAguascalientes.
_936003
650 1 4 _aTierras
_xTenencia
_xAguascalientes.
_9113132
650 1 4 _aTierras
_xUtilización
_xAguascalientes.
_9113220
901 _aBK
905 _aLilia Sánchez G.
942 _cLIBRO
949 _a333.0972 I55 Ags. 1992-99
_bBC
_cINEGI
_d33724000815635
_eINEGI
_h99532
_i94913
_sb
949 _a333.0972 I55 Ags. 1992-99
_bBC
_cINEGI
_d33724000869160
_eINEGI
_fc.2
_gDonaciØn
_h102718
_i94913
_sb
999 _c83421
_d83421